Bèo nước long đong Tiểu thuyết
Một truyện tình như muôn ngàn truyện tình muôn thủơ khác xảy ra ở một miền quê trên sông nước Cửu Long.
Na minha lista:
| Autor principal: | |
|---|---|
| Formato: | Livro |
| Idioma: | Undetermined |
| Publicado em: |
Tp. HCM
Nxb. Tp. HCM
1995
|
| Assuntos: | |
| Tags: |
Adicionar Tag
Sem tags, seja o primeiro a adicionar uma tag!
|
| Thư viện lưu trữ: | Trung tâm Học liệu Trường Đại học Cần Thơ |
|---|
| LEADER | 00728nam a2200205Ia 4500 | ||
|---|---|---|---|
| 001 | CTU_10450 | ||
| 008 | 210402s9999 xx 000 0 und d | ||
| 082 | |a 895.922333 | ||
| 082 | |b M561b | ||
| 100 | |a Mường Mán | ||
| 245 | 0 | |a Bèo nước long đong | |
| 245 | 0 | |b Tiểu thuyết | |
| 245 | 0 | |c Mường Mán | |
| 260 | |a Tp. HCM | ||
| 260 | |b Nxb. Tp. HCM | ||
| 260 | |c 1995 | ||
| 520 | |a Một truyện tình như muôn ngàn truyện tình muôn thủơ khác xảy ra ở một miền quê trên sông nước Cửu Long. | ||
| 650 | |a vietnamese fiction - 1975 | ||
| 904 | |i Nguyễn Quang Điền, 961009 | ||
| 980 | |a Trung tâm Học liệu Trường Đại học Cần Thơ | ||